000 00258nam a2200109Ia 4500
008 220204s9999 xx 000 0 und d
082 _a82-3
_bWHI
100 _aWhitten, Les
245 0 _aConflict of interest
260 _aNew York
_bBantam
_c1977
942 _cBK
999 _c30958
_d30958